IFM Opac

cuba the measure of a revolution (Record no. 13227)

MARC details
000 -LEADER
fixed length control field 00287nam a22001217a 4500
020 ## - INTERNATIONAL STANDARD BOOK NUMBER
International Standard Book Number 0816606269
082 ## - DEWEY DECIMAL CLASSIFICATION NUMBER
Classification number 309.17291 NEL
100 ## - MAIN ENTRY--PERSONAL NAME
Personal name Nelson, Lowry
245 ## - TITLE STATEMENT
Title cuba the measure of a revolution
260 ## - PUBLICATION, DISTRIBUTION, ETC.
Place of publication, distribution, etc. London
Name of publisher, distributor, etc. Oxford university
Date of publication, distribution, etc. 1972
300 ## - PHYSICAL DESCRIPTION
Extent xiii, 242p.
942 ## - ADDED ENTRY ELEMENTS (KOHA)
Koha item type Books
Holdings
Withdrawn status Lost status Damaged status Not for loan Home library Current library Shelving location Date acquired Total Checkouts Full call number Barcode Date last seen Price effective from Koha item type
Withdrawn       IFM Main Campus Library IFM Main Campus Library Archival Collection 10/29/2015   309.17291 NEL 0000006660 10/29/2015 02/19/2022 Books